[Event "Esports World Cup 2025"]
[Site "Riyadh KSA"]
[Date "2025.08.01"]
[Round "3.1.1"]
[White "Erigaisi,Arjun"]
[Black "Nakamura,Hi"]
[Result "1-0"]
[WhiteElo "2776"]
[BlackElo "2807"]

1.d4 d5 2.c4 c5 3.cxd5 Qxd5 4.Nf3 cxd4 5.Nc3 Qa5 6.Nxd4 Nf6 7.a3 e5 8.Nb3 Qc7
9.Bg5 Be7 10.Rc1 Nc6 11.e3 O-O 12.Bd3 Be6 13.Bxf6 Bxf6 14.Nc5 Rfe8 15.O-O Qe7
16.N3e4 Bc8 17.Qf3 Bg5 18.Rfd1 Bh6 19.Nd6 Rf8 20.Bc4 Nd8 21.b4 Rb8 22.Nxc8 Rxc8
23.Rd7 Qf6 24.Qxf6 gxf6 25.Nxb7 Nxb7 26.Rxb7 Kg7 27.Kf1 Rc6 28.b5 Rc5 29.Rxa7 Rfc8
30.b6 Rxc4 31.Rxc4 Rxc4 32.b7 Rc1+ 33.Ke2 Rb1 34.a4  1-0

[Event "Esports World Cup 2025"]
[Site "Riyadh KSA"]
[Date "2025.08.01"]
[Round "3.1.5"]
[White "Erigaisi,Arjun"]
[Black "Nakamura,Hi"]
[Result "1-0"]
[WhiteElo "2776"]
[BlackElo "2807"]

1.d4 d5 2.c4 e6 3.Nf3 Nf6 4.e3 b6 5.b3 Bb7 6.Bb2 Nbd7 7.Bd3 Bd6 8.O-O O-O
9.Nc3 a6 10.Re1 c5 11.cxd5 Nxd5 12.Nxd5 Bxd5 13.Bc2 f5 14.e4 fxe4 15.Bxe4 Nf6
16.Bxd5 exd5 17.Qd3 Ne4 18.Rad1 Kh8 19.dxc5 Bxc5 20.Re2 Qc7 21.Nd4 Nxf2 22.Rxf2 Rxf2
23.Kxf2 Qxh2 24.Qh3 Rf8+ 25.Ke2 Qe5+ 26.Qe3 Qh2 27.Qg5 h6 28.Qxd5 Qg3 29.Rd2 Rf2+
30.Kd1 Rf1+ 31.Kc2 Qg6+ 32.Kc3 Qg3+ 33.Nf3  1-0

[Event "Esports World Cup 2025"]
[Site "Riyadh KSA"]
[Date "2025.08.01"]
[Round "3.1.6"]
[White "Nakamura,Hi"]
[Black "Erigaisi,Arjun"]
[Result "1-0"]
[WhiteElo "2807"]
[BlackElo "2776"]

1.d4 d5 2.c4 e6 3.Nf3 Nf6 4.e3 Be7 5.b3 O-O 6.Bb2 c5 7.dxc5 Bxc5 8.cxd5 exd5
9.Be2 Nc6 10.O-O Bg4 11.h3 Bh5 12.Nc3 a6 13.Nh4 Bg6 14.Nxg6 hxg6 15.Bf3 Ne7
16.Rc1 Qd6 17.Qd2 Ba3 18.Bxa3 Qxa3 19.Rc2 Rad8 20.Rfc1 Nc6 21.Nb1 Qe7 22.Qe1 Rfe8
23.Qf1 g5 24.Nc3 Ne5 25.Ne2 g4 26.hxg4 Nfxg4 27.Bxg4 Nxg4 28.g3 Qg5 29.Nf4 Qh6
30.Qh3 Qxh3 31.Nxh3 d4 32.exd4 Rxd4 33.Rc4 Rxc4 34.Rxc4 Ne5 35.Rc7 b5 36.Ra7 Nd3
37.Rxa6 f6 38.Rd6 Nc1 39.Rb6 Re5 40.a4 bxa4 41.bxa4 Ra5 42.Nf4 Rxa4 43.Rb7 Ra6
44.Kg2 Na2 45.Nd5 Kf8 46.g4 Ra5 47.Nf4 Kg8 48.Ne6 g5 49.Rg7+ Kh8 50.Rg6 Nc3
51.Rxf6 Kh7 52.f3 Re5 53.Nd4 Nd5 54.Ra6 Nf4+ 55.Kf2 Rd5 56.Ra4 Kg6 57.Nf5 Rd2+
58.Ke3 Re2+ 59.Kd4 Rd2+ 60.Kc4 Rc2+ 61.Kb5 Rf2 62.Ra6+ Kf7 63.Ra3 Kf6 64.Nd6 Rb2+
65.Kc6 Rc2+ 66.Kb5 Rb2+ 67.Kc4 Rc2+ 68.Kb3 Rc6 69.Ne4+ Kg6 70.Ra5 Ne6 71.Rd5 Rb6+
72.Kc4 Ra6 73.Re5 Rb6 74.Rf5 Ra6 75.Kb4 Rb6+ 76.Ka5 Rc6 77.Rd5 Kh6 78.Re5 Kg6
79.Rd5 Kh6 80.Kb5 Rc7 81.Rd6 Rb7+ 82.Kc6 Re7 83.Kd5 Kg7 84.Rxe6 Rd7+ 85.Nd6 Ra7
86.Re7+ Rxe7 87.Nf5+ Kf6 88.Nxe7 Kxe7 89.Ke5 Kf7 90.Kf5 Kf8 91.Kxg5 Kg8 92.f4  1-0

[Event "Esports World Cup 2025"]
[Site "Riyadh KSA"]
[Date "2025.08.01"]
[Round "3.1.2"]
[White "Nakamura,Hi"]
[Black "Erigaisi,Arjun"]
[Result "1/2-1/2"]
[WhiteElo "2807"]
[BlackElo "2776"]

1.d4 d5 2.c4 c6 3.Nf3 Nf6 4.g3 g6 5.Bg2 Bg7 6.O-O O-O 7.Ne5 Ng4 8.cxd5 cxd5
9.Bf4 Nxe5 10.dxe5 e6 11.e4 d4 12.h4 Nc6 13.Bg5 Qb6 14.f4 h6 15.Bf6 Qxb2
16.Nd2 d3 17.Bxg7 Kxg7 18.Kh2 b6 19.Rc1 Nd4 20.Nc4 Qe2 21.Nd6 Ba6 22.Qa4 Nc2
23.Qxa6 Ne3 24.Rg1 Ng4+ 25.Kh3 Nf2+ 26.Kh2 Ng4+ 27.Kh3 Nf2+ 28.Kh2 Ng4+  1/2-1/2

[Event "Esports World Cup 2025"]
[Site "Riyadh KSA"]
[Date "2025.08.01"]
[Round "3.1.3"]
[White "Erigaisi,Arjun"]
[Black "Nakamura,Hi"]
[Result "0-1"]
[WhiteElo "2776"]
[BlackElo "2807"]

1.d4 d5 2.c4 e6 3.Nc3 Be7 4.cxd5 exd5 5.Bf4 c6 6.e3 Bf5 7.Nge2 Nd7 8.Ng3 Bg6
9.h3 Nb6 10.Nh5 Bxh5 11.Qxh5 Nf6 12.Qf3 Bb4 13.Qd1 Ne4 14.Qc2 Nf6 15.Bd3 Bd6
16.O-O-O Qe7 17.Kb1 O-O-O 18.Qb3 Kb8 19.a4 Bxf4 20.exf4 Qc7 21.a5 Nc8 22.a6 b6
23.g3 Nd6 24.Rhe1 Qd7 25.g4 h5 26.g5 Nfe8 27.Na4 Nc7 28.Rc1 Ncb5 29.Qb4 Qxh3
30.Bxb5 cxb5 31.Nc3 Qd3+ 32.Ka1 Qc4 33.Na2 Qxb4 34.Nxb4 Rde8 35.Re5 Rxe5
36.dxe5 Nf5 37.Nc6+ Ka8 38.Nb4 h4 39.Rc7 Nd4 40.Rxf7 h3 41.e6 h2 42.e7 h1=Q+
43.Ka2 Qh5 44.Rf8+ Qe8 45.Rxe8+ Rxe8 46.Nxd5 Kb8  0-1

[Event "Titled Tue 5th Aug Early"]
[Site "chess.com INT"]
[Date "2025.08.05"]
[Round "1"]
[White "Nakamura,Hi"]
[Black "Demchenko,Maksim Dm"]
[Result "1-0"]
[WhiteElo "2807"]
[BlackElo "2099"]

1.b3 d5 2.Bb2 c5 3.e3 Nc6 4.Bb5 Bd7 5.Nf3 Nf6 6.O-O a6 7.Bxc6 Bxc6 8.Ne5 Rc8
9.d3 e6 10.Nd2 Be7 11.f4 b5 12.Rf3 O-O 13.Rg3 Bb7 14.Ndf3 c4 15.Bd4 cxd3
16.cxd3 Qa5 17.Ng5 h6 18.Nh3 Kh7 19.Nd7 Rg8 20.Ng5+ hxg5 21.Rh3+ Kg6 22.Ne5+ Kf5
23.g4+  1-0

[Event "Titled Tue 5th Aug Late"]
[Site "chess.com INT"]
[Date "2025.08.05"]
[Round "1"]
[White "Nakamura,Hi"]
[Black "Ferreira,VitorH"]
[Result "1-0"]
[WhiteElo "2807"]
[BlackElo "2128"]

1.Nf3 Nf6 2.b3 g6 3.Bb2 Bg7 4.d4 d6 5.e3 O-O 6.Be2 c5 7.O-O cxd4 8.Nxd4 Nc6
9.Nxc6 bxc6 10.c4 a5 11.Nc3 d5 12.Rc1 Ne4 13.Na4 Bxb2 14.Nxb2 e6 15.Bf3 Qf6
16.Na4 Ng5 17.Be2 Ba6 18.Nc5 Bc8 19.f4 Ne4 20.Nxe4 dxe4 21.Qc2 Qf5 22.g4 Qc5
23.Qxe4 a4 24.Qd4 Qa3 25.Bf3 Qxa2 26.b4 Rb8 27.Rb1 Ba6 28.Rfc1 c5 29.Qxc5 Rfc8
30.Qe5 Bxc4 31.Rb2 Qa3 32.Rbc2 Rxb4 33.Qd4 Qb3 34.Be2 a3 35.Bxc4 Qa4 36.Qd3  1-0

[Event "Titled Tue 5th Aug Early"]
[Site "chess.com INT"]
[Date "2025.08.05"]
[Round "2"]
[White "Ang,Ern Jie Anderson"]
[Black "Nakamura,Hi"]
[Result "0-1"]
[WhiteElo "2348"]
[BlackElo "2807"]

1.d4 g6 2.c4 Bg7 3.Nf3 d6 4.g3 Bd7 5.Bg2 Qc8 6.h4 h6 7.Nc3 c5 8.O-O Bh3 9.Bxh3 Qxh3
10.Nd5 Qc8 11.dxc5 dxc5 12.Bf4 Na6 13.Be5 Bxe5 14.Nxe5 Nf6 15.Qa4+ Kf8 16.Rad1 Kg7
17.Qb3 Qe6 18.Nd3 Nxd5 19.cxd5 Qb6 20.Qc3+ Qf6 21.Qc4 Rab8 22.e4 b5 23.Qc1 c4
24.Nf4 Nc5 25.Rfe1 Qe5 26.b4 Na4 27.Qe3 a5 28.bxa5 Nc3 29.Rc1 Nxa2 30.Rb1 b4
31.a6 b3 32.a7 Rb7 33.Ne2 Ra8 34.f4 Qc7 35.f5 c3 36.fxg6 Rb4 37.gxf7 Qxa7
38.Qxa7 Rxa7 39.Rf1 Ra8 40.Nf4 c2 41.Ne6+ Kh7 42.f8=Q Rxf8 43.Nxf8+ Kg8 44.Rbe1 b2
45.Ne6 Rb8 46.Rf4 c1=Q 47.Rg4+ Kh8  0-1

[Event "Titled Tue 5th Aug Late"]
[Site "chess.com INT"]
[Date "2025.08.05"]
[Round "2"]
[White "Mullodzhanov,Nathaniel"]
[Black "Nakamura,Hi"]
[Result "0-1"]
[WhiteElo "2120"]
[BlackElo "2807"]

1.e4 g6 2.d4 Bg7 3.Nc3 d6 4.Be3 a6 5.Qd2 Nd7 6.O-O-O b5 7.f3 Bb7 8.h4 h6
9.Nh3 Ngf6 10.g4 Nb6 11.d5 c6 12.dxc6 Bxc6 13.g5 hxg5 14.Nxg5 b4 15.Nb1 Qc7
16.Qxb4 Rb8 17.Bxb6 Rxb6 18.Qc4 e6 19.Nxe6 fxe6 20.Qxe6+ Kf8 21.Bc4 d5 22.exd5 Bxd5
23.Bxd5 Rxe6 24.Bxe6 Bh6+ 25.Nd2 Kg7 26.Kb1 Rd8 27.Ne4 Nxe4 28.fxe4 Rxd1+
29.Rxd1 Kf6 30.Bd5 Qh2 31.Rf1+ Bf4 32.Bc4 a5 33.a3 Qxh4 34.b4 axb4 35.axb4 Kg7
36.b5 Be5 37.Bd5 Qh3 38.Rf7+ Kh6  0-1

[Event "Titled Tue 5th Aug Late"]
[Site "chess.com INT"]
[Date "2025.08.05"]
[Round "3"]
[White "Nakamura,Hi"]
[Black "Galchenko,Matvey"]
[Result "1-0"]
[WhiteElo "2807"]
[BlackElo "2435"]

1.Nf3 c5 2.e4 g6 3.g3 Bg7 4.Bg2 Nc6 5.O-O e5 6.d3 Nge7 7.a3 O-O 8.c3 d5 9.b4 h6
10.Re1 Be6 11.b5 Na5 12.exd5 Bxd5 13.Nxe5 Bxg2 14.Kxg2 Qd5+ 15.Nf3 Nf5 16.Nd2 Qxd3
17.Ne4 Qxb5 18.Qd5 b6 19.a4 Qc4 20.Qxc4 Nxc4 21.a5 Nxa5 22.g4 Ne7 23.g5 hxg5
24.Bxg5 Nd5 25.Rad1 Nxc3 26.Nf6+ Kh8 27.Rd3  1-0

[Event "Titled Tue 5th Aug Early"]
[Site "chess.com INT"]
[Date "2025.08.05"]
[Round "3"]
[White "Nakamura,Hi"]
[Black "Batorshyn,Ilia"]
[Result "1-0"]
[WhiteElo "2807"]
[BlackElo "2189"]

1.Nf3 Nf6 2.b3 e6 3.Bb2 d5 4.e3 Be7 5.d4 O-O 6.Nbd2 b6 7.c4 Bb7 8.cxd5 exd5
9.Bd3 Nbd7 10.Rc1 c5 11.dxc5 Nxc5 12.Be2 Nfe4 13.O-O Bf6 14.Nd4 Rc8 15.Nb1 Re8
16.Nc3 Nxc3 17.Rxc3 Ne4 18.Rxc8 Qxc8 19.Qa1 Qb8 20.Rd1 Rc8 21.Bd3 h6 22.Bxe4 dxe4
23.Nf5 Rc6 24.Nxh6+ gxh6 25.Bxf6 Kh7 26.h3 Qc8 27.Qe5 Qe6 28.Qxe6 Rxe6 29.Bb2 Bc6
30.Rd8 Re8 31.Rd6 Rc8 32.Bd4 Rc7 33.Rd8 f5 34.Rd6 Bb7 35.Be5 Rf7 36.Bf4 h5
37.Rh6+ Kg8 38.Rxh5 Rd7 39.Rxf5 Rd1+ 40.Kh2 Rd2 41.Be5 Rxa2 42.g4 Bd5 43.b4 Ra4
44.Bd6 Be6 45.Rf6 Bf7 46.g5 a5 47.g6 Bd5 48.h4 axb4 49.h5 Kg7 50.Be5 Kh6
51.Bf4+ Kxh5 52.Rf5+ Kxg6 53.Rxd5 Ra5 54.Rd6+ Kf5 55.Rxb6 Kg4 56.Kg2 Ra4
57.Rb5  1-0

[Event "Titled Tue 5th Aug Early"]
[Site "chess.com INT"]
[Date "2025.08.05"]
[Round "4"]
[White "Kacharava,Nikolozi"]
[Black "Nakamura,Hi"]
[Result "0-1"]
[WhiteElo "2519"]
[BlackElo "2807"]

1.e4 g6 2.d4 Bg7 3.Nc3 a6 4.Nf3 d6 5.Be3 b5 6.Bd3 Bb7 7.a4 b4 8.Ne2 Nd7 9.O-O Ngf6
10.Ng3 O-O 11.Qd2 Ng4 12.Bf4 c5 13.h3 Ngf6 14.c3 bxc3 15.bxc3 Qa5 16.Rfc1 Rac8
17.Bh6 cxd4 18.Bxg7 Kxg7 19.cxd4 Rxc1+ 20.Rxc1 Qxa4 21.e5 Bxf3 22.exf6+ Nxf6
23.gxf3 Qxd4 24.Qe3 Qb2 25.Rb1 Qa3 26.Rb7 Qa1+ 27.Kg2 Nd5 28.Qg5 Qe5 29.Qxe5+ dxe5
30.Bxa6 Nf4+ 31.Kh2 Ra8 32.Bc4 Ra4 33.Rc7 e6 34.Ne4 Kh6 35.Nd6 f6 36.Re7 Ra3
37.Bxe6 f5 38.Bg8 Kg5 39.Rxh7 Rxf3 40.Nf7+ Kf6 41.Kg1 e4 42.Nd6 Nxh3+ 43.Kf1 Rxf2+
44.Ke1 Rh2 45.Nc4 Rh1+ 46.Kd2 Rh2+ 47.Ke1 f4 48.Nd6 Ke5 49.Nc4+ Kd4 50.Rd7+ Kc3
51.Nd2 Ng5 52.Rc7+ Kd4 53.Rd7+ Ke5 54.Re7+ Kf6 55.Rxe4 Nxe4 56.Nxe4+ Kf5
57.Nf2 g5 58.Bd5 g4 59.Be4+ Kg5 60.Kf1 f3 61.Nd3 Ra2 62.Ke1 Re2+ 63.Kf1 Rxe4  0-1

[Event "Titled Tue 5th Aug Late"]
[Site "chess.com INT"]
[Date "2025.08.05"]
[Round "4"]
[White "Bacrot,E"]
[Black "Nakamura,Hi"]
[Result "0-1"]
[WhiteElo "2635"]
[BlackElo "2807"]

1.e4 g6 2.d4 c6 3.Nc3 d5 4.Nf3 Bg4 5.h3 Bxf3 6.Qxf3 e6 7.Bd3 a6 8.O-O Bg7
9.Re1 Ne7 10.Bg5 O-O 11.exd5 cxd5 12.Nxd5 Qxd5 13.Bxe7 Qxf3 14.gxf3 Re8 15.Bc5 Nd7
16.Be4 Nxc5 17.dxc5 Rac8 18.Bxb7 Rxc5 19.c3 Rb8 20.Bxa6 Rxb2 21.Reb1 Rc2
22.Rb8+ Bf8 23.a4 Kg7 24.a5 Rg5+ 25.Kf1 Bc5 26.Be2 Re5 27.Re1 Rxc3 28.a6 Ra3
29.Rb7 Ra2 30.Rbb1 Bd4 31.Rb5 Rxb5 32.Bxb5 Rxf2+ 33.Kg1 Rb2+  0-1

[Event "Titled Tue 5th Aug Early"]
[Site "chess.com INT"]
[Date "2025.08.05"]
[Round "5"]
[White "Nakamura,Hi"]
[Black "Illingworth,M"]
[Result "1-0"]
[WhiteElo "2807"]
[BlackElo "2493"]

1.Nf3 Nf6 2.b3 d5 3.e3 e6 4.Bb2 Bd6 5.c4 O-O 6.d4 b6 7.cxd5 exd5 8.Ba3 Bb7
9.Bxd6 Qxd6 10.Bd3 c5 11.O-O Nbd7 12.Nc3 Rac8 13.dxc5 bxc5 14.Bf5 Qe7 15.Rc1 Rfd8
16.Re1 g6 17.Bh3 h5 18.g3 Kg7 19.Qd2 Ng4 20.Bg2 Nf8 21.h3 Nf6 22.Qb2 Kg8
23.Na4 Ne6 24.Ne5 Ne4 25.Nc3 Nf6 26.Na4 Ne4 27.Nd3 Rc7 28.Nc3 Nf6 29.Nb5 Rc6
30.Ne5 Rb6 31.Nc3 Rc8 32.Na4 Rd6 33.b4 c4 34.Nf3 Ne4 35.Nc3 Nxc3 36.Qxc3 Rb6
37.Rb1 Rb8 38.Red1 Ba8 39.a3 a5 40.Qe5 axb4 41.axb4 Rxb4 42.Qxb8+ Rxb8 43.Rxb8+ Kg7
44.Rxa8 Qc5 45.Nd4 c3 46.Raa1 Qc4 47.Rac1 Nc5 48.Bf1 Qb4 49.Rc2 Na4 50.Rdc1 h4
51.gxh4 Qe7 52.Bb5 Nb6 53.Rxc3 Qxh4 54.Bf1 Nd7 55.Bg2 Nf6 56.Rc7 Qh5 57.Ne6+ Kg8
58.Ra1  1-0

[Event "Titled Tue 5th Aug Late"]
[Site "chess.com INT"]
[Date "2025.08.05"]
[Round "5"]
[White "Chigaev,M"]
[Black "Nakamura,Hi"]
[Result "1/2-1/2"]
[WhiteElo "2628"]
[BlackElo "2807"]

1.d4 g6 2.e4 Bg7 3.Nc3 a6 4.h4 h6 5.f4 h5 6.Nf3 c6 7.a4 d5 8.Bd3 Bg4 9.e5 e6
10.Be3 Nd7 11.Bf2 Bf8 12.Be2 c5 13.Ng5 cxd4 14.Bxd4 Bxe2 15.Qxe2 Ne7 16.Bf2 Nf5
17.O-O-O Qe7 18.Rxd5 Qb4 19.Rhd1 exd5 20.e6 O-O-O 21.Nxd5 Qxa4 22.exd7+ Kb8
23.Nxf7 Qa1+ 24.Kd2 Qa5+ 25.Kc1 Qa1+ 26.Kd2 Qa5+ 27.Kc1 Qa1+  1/2-1/2

[Event "Titled Tue 5th Aug Late"]
[Site "chess.com INT"]
[Date "2025.08.05"]
[Round "6"]
[White "Nakamura,Hi"]
[Black "Hansen,Eric"]
[Result "1-0"]
[WhiteElo "2807"]
[BlackElo "2609"]

1.d4 Nf6 2.Bg5 d5 3.Nd2 Nbd7 4.c4 e6 5.e3 Be7 6.cxd5 exd5 7.Bd3 O-O 8.Ngf3 h6
9.Bf4 Nh5 10.Be5 Nxe5 11.Nxe5 Nf6 12.O-O c5 13.dxc5 Bxc5 14.Rc1 Qe7 15.Nef3 Rd8
16.Nb3 Bd6 17.Nbd4 Ne4 18.Be2 a6 19.Qb3 Nc5 20.Qc2 Qf6 21.Rfd1 Bd7 22.Qd2 Rac8
23.Qe1 g6 24.Rc2 Kg7 25.Rdc1 Ba4 26.b4 Bxc2 27.bxc5 Rxc5 28.Rxc2 Rxc2 29.Nxc2 Qb2
30.Nfd4 Rc8 31.Qd1 Qxa2 32.g3 Be5 33.Bf3 b5 34.Bxd5 Qb2 35.Kg2 a5 36.Bxf7 Kxf7
37.Qf3+ Kg7 38.Qb7+ Rc7 39.Ne6+ Kf6 40.Nxc7 Qxc2 41.Nxb5 Qc5 42.Qa6+ Ke7
43.Qxa5 Qd5+ 44.f3 Qb3 45.Qa3+ Qxa3 46.Nxa3 Ke6 47.Nc4 Bc7 48.e4 h5 49.f4 Bd8
50.h4 Kf6 51.Kf3 Ke6 52.Nb2 Bf6 53.Nd3 Be7 54.Ne5 Kf6 55.g4 hxg4+ 56.Kxg4 Bd8
57.Nd3 Bc7 58.Ne1 Ba5 59.Nf3 Bc7 60.e5+ Kf7 61.h5 gxh5+ 62.Kxh5 Ke6 63.Kg6 Kd5
64.Kf5 Bb8 65.e6 Bd6 66.Ne5 Be7 67.Ng6 Bc5 68.e7  1-0

[Event "Titled Tue 5th Aug Early"]
[Site "chess.com INT"]
[Date "2025.08.05"]
[Round "6"]
[White "Vokhidov,Shamsiddin"]
[Black "Nakamura,Hi"]
[Result "1/2-1/2"]
[WhiteElo "2645"]
[BlackElo "2807"]

1.e4 g6 2.d4 Bg7 3.Nc3 a6 4.a4 d6 5.Nf3 Bg4 6.Be2 Nc6 7.d5 Bxf3 8.Bxf3 Nd4
9.O-O c5 10.dxc6 Nxc6 11.Be3 Nf6 12.Nd5 O-O 13.c3 Ne5 14.Nxf6+ Bxf6 15.Be2 Rc8
16.Qb3 Qc7 17.Rad1 Nc4 18.Bc1 Qc6 19.Bd3 b5 20.axb5 axb5 21.Rfe1 Kg7 22.Qc2 Ra8
23.Qe2 Ra2 24.Bb1 Ra5 25.Bd3 Rc8 26.g3 Ne5 27.Bb1 Qc4 28.Kg2 Qxe2 29.Rxe2 Nc4
30.Bd3 Ra2 31.f4 Kg8 32.Bb1 Ra1 33.Bd3 b4 34.e5 dxe5 35.Bxc4 Rxc4 36.fxe5 Bh8
37.Rd8+ Kg7 38.Bg5 Ra7 39.Be3 Ra2 40.cxb4 Rxb4 41.Bd4 h5 42.Rf2 e6 43.Rd7 Kg8
44.Bc3 Rb5 45.Rfxf7 Bxe5 46.Bxe5 Rxe5 47.Rg7+ Kh8 48.Rh7+ Kg8 49.Rdg7+ Kf8
50.Rb7 Kg8 51.Rhg7+ Kh8 52.Rxg6 Re2+ 53.Kh3 Raxb2 54.Rxb2 Rxb2 55.Rh6+ Kg7
56.Rxh5 Kf6 57.Rh8 e5 58.Re8 Re2 59.g4 e4 60.Kg3 e3 61.h4 Re1 62.Kf3 Rf1+
63.Kg2 Re1 64.Kf3 Rf1+ 65.Ke2 Rh1 66.h5 Kg5 67.Re4 Rh3 68.Rxe3 Rh2+ 69.Kf3 Rh3+
70.Kf2 Rh4 71.Re4 Rh3 72.Re3 Rh4 73.Rg3 Kf4 74.g5 Rh2+ 75.Rg2 Rxh5 76.g6 Rh8
77.g7 Rg8 78.Rg3 Kf5 79.Kf3 Kf6 80.Kf4 Rxg7 81.Rxg7 Kxg7  1/2-1/2

[Event "Titled Tue 5th Aug Early"]
[Site "chess.com INT"]
[Date "2025.08.05"]
[Round "7"]
[White "Nakamura,Hi"]
[Black "Terry,R"]
[Result "1/2-1/2"]
[WhiteElo "2807"]
[BlackElo "2508"]

1.Nf3 d5 2.e3 Nf6 3.c4 e6 4.b3 g6 5.Bb2 Bg7 6.d4 O-O 7.Nbd2 b6 8.Rc1 Bb7
9.c5 c6 10.b4 a5 11.a3 axb4 12.axb4 bxc5 13.bxc5 Nbd7 14.Be2 Qc7 15.O-O Rfb8
16.Ra1 Rxa1 17.Qxa1 Ra8 18.Qb1 Ba6 19.Qa2 Bb7 20.Qb3 Ba6 21.Bxa6 Rxa6 22.Rb1 Ra8
23.Bc3 Rb8 24.Qa2 Rxb1+ 25.Qxb1 Ne8 26.Nb3 Qb7 27.Qa2 Nc7 28.Qa4 Qb5 29.Qxb5 Nxb5
30.Bb2 Kf8 31.g4 Ke8 32.g5 h6 33.h4 hxg5 34.hxg5 Kd8 35.Kf1 Kc7 36.Ke2 Na7
37.Bc3 Nc8 38.Ba5+ Kb7 39.Bd8 Ka6 40.Kd3 e5 41.Kc2 exd4 42.exd4 Bf8 43.Nc1 Bg7
44.Nd3 Kb7 45.Kd2 Na7 46.Ke3 Nb5 47.Be7 Na3 48.Nc1 Nc4+ 49.Kd3 Kc7 50.Ne2 Nf8
51.Bxf8 Bxf8 52.Nh2 Kd7 53.Ng4 Be7 54.f4 Ke6 55.Ng3 Bd8 56.Ke2 Bc7 57.Kf3 Nd2+
58.Ke3 Nc4+ 59.Kf3 Nd2+ 60.Ke3 Nc4+ 61.Kf3  1/2-1/2

[Event "Titled Tue 5th Aug Late"]
[Site "chess.com INT"]
[Date "2025.08.05"]
[Round "7"]
[White "Nakamura,Hi"]
[Black "Martinez Alcantara,Jose Eduardo"]
[Result "1-0"]
[WhiteElo "2807"]
[BlackElo "2636"]

1.d4 d6 2.e4 Nf6 3.Nc3 e5 4.Nf3 Nbd7 5.Bc4 Be7 6.O-O O-O 7.Qe2 c6 8.a4 exd4
9.Nxd4 Ne5 10.Ba2 Re8 11.Rd1 Bf8 12.Qf1 Ng6 13.f3 a6 14.Nde2 Qc7 15.a5 Be6
16.Bxe6 fxe6 17.Be3 d5 18.Bb6 Qf7 19.Qf2 Nd7 20.Be3 Be7 21.Na4 Nge5 22.Ng3 Nc4
23.b3 Nxe3 24.Qxe3 Rad8 25.c3 Nf6 26.b4 h5 27.e5 Nd7 28.f4 h4 29.Ne2 c5 30.bxc5 Rc8
31.Kh1 Nxc5 32.Nb6 Rc7 33.c4 dxc4 34.Nxc4 Qg6 35.Nd6 Bxd6 36.exd6 Rc6 37.Rac1 Qe4
38.Qxe4 Nxe4 39.Rxc6 bxc6 40.Rd4 Nf6 41.Rc4 Rb8 42.Rxc6 Rb1+ 43.Rc1 Rb5 44.Nd4 Rd5
45.Nxe6 Rxd6 46.Ng5 g6 47.g3 hxg3 48.hxg3 Nh5 49.Rc3 Rd1+ 50.Kg2 Ra1 51.Rc6 Ra2+
52.Kh3 Kg7 53.Rxa6 Ra3 54.Ra7+ Kg8 55.a6 Nxf4+ 56.Kh4 Nd5 57.Ne6 Nf6 58.Kg5 Nd5
59.g4 Re3 60.Nd4 Rd3 61.Nc6  1-0

[Event "Titled Tue 5th Aug Late"]
[Site "chess.com INT"]
[Date "2025.08.05"]
[Round "8"]
[White "Maghsoodloo,Parham"]
[Black "Nakamura,Hi"]
[Result "1-0"]
[WhiteElo "2695"]
[BlackElo "2807"]

1.d4 d5 2.c4 e6 3.Nc3 Be7 4.cxd5 exd5 5.Bf4 c6 6.e3 Bf5 7.Bd3 Bxd3 8.Qxd3 Nd7
9.Nge2 Ngf6 10.O-O O-O 11.h3 Re8 12.Rab1 a5 13.a3 Nb6 14.Qc2 Bd6 15.Bxd6 Qxd6
16.Nf4 a4 17.Nd3 Nfd7 18.Rfe1 Re7 19.Rbd1 Qg6 20.Re2 h5 21.Nf4 Qxc2 22.Rxc2 h4
23.Nd3 Nc4 24.Re1 f5 25.Rce2 Nf8 26.Nc5 b5 27.Na2 Ne6 28.Nd3 Rae8 29.Kf1 Ng5
30.Nab4 Re6 31.Nc5 Rf6 32.Nbd3 Ne4 33.Kg1 g5 34.Nd7 Rfe6 35.N7e5 Kg7 36.f4 gxf4
37.exf4 Rh8 38.Nf3 Kf8 39.Nde5 Ke7 40.Kh2 Rf6 41.Rc2 Kd6 42.Nd3 Rg6 43.Nde5 Rg7
44.Nd3 Kc7 45.Nde5 Kb6 46.Nd3 Rh6 47.Nde5 Rhh7 48.Nd3 Re7 49.Nde5 Nf6 50.Rce2 Reg7
51.Nd3 Ne4 52.Nde5 Rg8 53.Rc2 Kc7 54.Nd3 Rhh8 55.Nde5 Rb8 56.Ng6 Rh6 57.Ngxh4 Rf8
58.g3 Rhf6 59.Ne5 Rg8 60.Rg2 Rg7 61.Nhf3 Rh6 62.h4 Rh8 63.Ng5 Rgg8 64.Nef3 Rb8
65.Rge2 b4 66.axb4 Rxb4 67.Ne5 Nxb2 68.Ra1 Ra8 69.Ne6+ Kb6 70.Nd7+ Kb5 71.Nc7+ Kc4
72.Nxa8 Nc3 73.Nab6+ Kd3 74.Rf2 Nbd1 75.Ne5+ Ke3 76.Rf3+ Ke4 77.Nxa4 Rxa4
78.Rxa4 Nxa4 79.h5 Ne3 80.h6  1-0

[Event "Titled Tue 5th Aug Early"]
[Site "chess.com INT"]
[Date "2025.08.05"]
[Round "8"]
[White "Rakhmatullaev,Almas"]
[Black "Nakamura,Hi"]
[Result "1-0"]
[WhiteElo "2390"]
[BlackElo "2807"]

1.e4 g6 2.d4 Bg7 3.Nc3 a6 4.h4 h6 5.Be3 d6 6.Qd2 Nd7 7.Nge2 Ngf6 8.f3 h5
9.Nf4 c6 10.O-O-O Qc7 11.Kb1 b5 12.Bd3 e5 13.Nh3 Bb7 14.Ng5 exd4 15.Bxd4 c5
16.Be3 b4 17.Nd5 Nxd5 18.exd5 Nb6 19.Bxg6 fxg6 20.Ne6 Qf7 21.Rhe1 Kd7 22.Bxc5 dxc5
23.Nxc5+ Kc8 24.d6 Qf6 25.Qxb4 Qxb2+ 26.Qxb2 Bxb2 27.Re7 Ra7 28.Kxb2 Rd8
29.d7+ Kb8 30.Re8 Na4+ 31.Nxa4  1-0

[Event "Titled Tue 5th Aug Late"]
[Site "chess.com INT"]
[Date "2025.08.05"]
[Round "9"]
[White "Nakamura,Hi"]
[Black "Kollars,Dmitrij"]
[Result "1-0"]
[WhiteElo "2807"]
[BlackElo "2644"]

1.g3 d5 2.Bg2 e5 3.d3 Nf6 4.Nd2 c6 5.e4 dxe4 6.dxe4 Bc5 7.Ngf3 Qe7 8.O-O O-O
9.Nb3 Bb6 10.Qe2 a5 11.a4 Be6 12.Nbd2 Nbd7 13.Nc4 Bc7 14.b3 b5 15.Nb2 Rab8
16.Nd3 Rfd8 17.Ba3 b4 18.Bb2 Bg4 19.h3 Bh5 20.Rfd1 h6 21.Rac1 c5 22.Ba1 Qe6
23.Nb2 Nb6 24.g4 Bg6 25.Nd2 h5 26.f3 Ne8 27.Nbc4 Nxc4 28.Nxc4 Nd6 29.Nxe5 Rbc8
30.f4 Bh7 31.Nc6 Re8 32.e5 hxg4 33.hxg4 Qh6 34.g5 Qh4 35.Qf2 Qxf2+ 36.Kxf2 Ne4+
37.Bxe4 Bxe4 38.Na7 c4 39.Nxc8 Rxc8 40.bxc4 Bc6 41.f5 Bxa4 42.f6 Bc6 43.e6 fxe6
44.Re1 gxf6 45.Rxe6 Bd7 46.Rxf6 Be8 47.Rh1 Bd8 48.Rh8+ Kxh8 49.Rc6+ Kh7 50.Rxc8 Bb6+
51.c5 Bd7 52.Rh8+ Kg6 53.cxb6  1-0

[Event "Titled Tue 5th Aug Early"]
[Site "chess.com INT"]
[Date "2025.08.05"]
[Round "9"]
[White "Nakamura,Hi"]
[Black "Novozhilov,Semen"]
[Result "0-1"]
[WhiteElo "2807"]
[BlackElo "2358"]

1.Nf3 e6 2.e3 Nf6 3.b3 c5 4.Bb2 Nc6 5.c4 d5 6.cxd5 exd5 7.Bb5 Bd6 8.O-O O-O
9.d4 Bg4 10.dxc5 Bxc5 11.h3 Bh5 12.Nbd2 Rc8 13.Be2 d4 14.exd4 Nxd4 15.Bxd4 Bxd4
16.Nxd4 Qxd4 17.Nc4 Qxd1 18.Bxd1 Rc7 19.Bxh5 Nxh5 20.Rad1 g6 21.Rfe1 b5 22.Ne3 Nf4
23.Rd4 Ne6 24.Rd5 a6 25.Rd6 Ra8 26.Nd5 Rb7 27.f4 a5 28.g4 Kh8 29.f5 gxf5
30.gxf5 Nd4 31.Rf1 a4 32.b4 a3 33.f6 Ne6 34.Rc1 h6 35.Ne7 Kh7 36.h4 Ra4 37.Nd5 Raa7
38.Kf2 Rd7 39.Rcc6 Rxd6 40.Rxd6 Ra8 41.Ke2 Rc8 42.Kd2 Rc4 43.Rd7 Kg6 44.Ke3 Rxh4
45.Ra7 Rh5 46.Nb6 Kxf6 47.Nd7+ Kf5 48.Nb6 Rh3+ 49.Kf2 Rh2+ 50.Kg3 Rxa2 51.Ra5 Nd4
52.Nc4 Ke4 53.Nxa3 f5 54.Ra7 f4+ 55.Kg4 f3 56.Re7+ Kd3 57.Nxb5 f2 58.Rf7 Nxb5
59.Kg3 Nd4 60.Rxf2 Rxf2 61.Kxf2 Kc4 62.Kg3 Ne6 63.Kg4 Ng7 64.b5 Kxb5  0-1

[Event "Titled Tue 5th Aug Early"]
[Site "chess.com INT"]
[Date "2025.08.05"]
[Round "10"]
[White "Saydaliev,Saidakbar"]
[Black "Nakamura,Hi"]
[Result "0-1"]
[WhiteElo "2455"]
[BlackElo "2807"]

1.Nf3 g6 2.g3 Bg7 3.Bg2 d6 4.d4 Nc6 5.O-O Bd7 6.Re1 Qc8 7.e4 Bg4 8.c3 e5
9.Be3 exd4 10.cxd4 Nf6 11.Nc3 O-O 12.Rc1 Re8 13.Qd3 Bh3 14.Bh1 a6 15.d5 Nb8
16.Bd4 Nbd7 17.b4 h6 18.a3 Ng4 19.Bxg7 Kxg7 20.Qd4+ Kg8 21.Nb1 Qd8 22.Nbd2 Rc8
23.Bg2 Bxg2 24.Kxg2 Qf6 25.h3 Qxd4 26.Nxd4 Ngf6 27.Re3 Nb6 28.N4b3 Re7 29.Na5 Rb8
30.Kf3 Na4 31.Rb3 Nd7 32.Kg2 Nf6 33.Kf3 Kg7 34.Rc2 Ne8 35.Re3 Nb6 36.Ndc4 Nd7
37.Kg2 Nef6 38.Nd2 Ne8 39.Rec3 f5 40.exf5 Ndf6 41.Nf3 Nxd5 42.Rd3 Ndf6 43.fxg6 Kxg6
44.Nh4+ Kh7 45.Nf5 Re5 46.g4 h5 47.f3 Nd5 48.Kg3 c6 49.Nc4 Re6 50.Rdd2 Rd8
51.Re2 Rf6 52.Na5 Rf7 53.Re6 Ng7 54.Rh6+ Kg8 55.Nxd6 h4+ 56.Kf2 Re7 57.Nac4 Nf4
58.Rxh4 b5 59.Ne4 bxc4 60.Rxc4 Nd3+ 61.Kg3 Ne5 62.Rc3 Ne6 63.Rh6 Nd4 64.Kg2 Nexf3
65.Ng3 Ne5 66.Re3 Rde8 67.Nh5 Re6 68.Nf6+ Kg7 69.g5 Nf5 70.Rh7+ Kg6 71.Re4 R8e7
72.Rh8 Kxg5 73.Ng8 Rg7 74.Kh2 Kg6  0-1

[Event "Titled Tue 5th Aug Late"]
[Site "chess.com INT"]
[Date "2025.08.05"]
[Round "10"]
[White "Movahed,Sina"]
[Black "Nakamura,Hi"]
[Result "1-0"]
[WhiteElo "2558"]
[BlackElo "2807"]

1.e4 g6 2.d4 Bg7 3.Nc3 a6 4.h4 h6 5.h5 g5 6.f4 gxf4 7.Bxf4 d6 8.Bc4 c5 9.dxc5 Qa5
10.Ne2 Qxc5 11.Bb3 Nf6 12.Qd2 Nc6 13.O-O-O Be6 14.Kb1 Bxb3 15.axb3 Qa5 16.Ng3 Rc8
17.Nf5 Bf8 18.Rhe1 Nb4 19.Bxd6 exd6 20.Qd4 Rxc3 21.Qxc3 Rg8 22.Qc8+ Qd8 23.Qxb7 Qa5
24.Qc8+ Qd8 25.Qc3 Qa5 26.g3 Nd7 27.e5 Nc5 28.exd6+ Kd7 29.Re7+ Kc6 30.Rc7+ Kb6
31.Qxc5+ Qxc5 32.Rxc5 Bxd6 33.Rc4 Bf8 34.Nd4 Rg5 35.c3 Nd5 36.Rc6+ Kb7 37.Rc4 Ne3
38.Rd3 Nxc4 39.bxc4 Bd6 40.Rf3 Bxg3 41.Rxf7+ Kc8 42.Rf6 Rxh5 43.Rxa6 Rh2
44.Nb5 h5 45.c5 Kd7 46.c6+ Ke7 47.c7 Bxc7 48.Nxc7 h4 49.Rh6 Kf7 50.Nd5 Kg7
51.Rh5 Kg6 52.Nf4+ Kf6 53.b4 Ke7 54.b5 Kd6 55.c4 Rd2 56.c5+ Kc7 57.Rh7+  1-0

[Event "Titled Tue 5th Aug Early"]
[Site "chess.com INT"]
[Date "2025.08.05"]
[Round "11"]
[White "Salinas Herrera,P"]
[Black "Nakamura,Hi"]
[Result "1-0"]
[WhiteElo "2451"]
[BlackElo "2807"]

1.e4 g6 2.d4 Bg7 3.Nf3 d6 4.Be2 c5 5.d5 Nf6 6.Nc3 a6 7.a4 O-O 8.O-O Bg4 9.Re1 Bxf3
10.Bxf3 Nbd7 11.g3 Ne8 12.Bg2 Nc7 13.a5 Nb5 14.Ne2 c4 15.Ra2 Rc8 16.Be3 Qc7
17.h4 Ne5 18.Bb6 Qd7 19.Nf4 Qe8 20.Bh3 Ra8 21.Kg2 Nd7 22.Be3 Nc5 23.Bxc5 dxc5
24.e5 c3 25.b3 Rd8 26.Kh2 Nd4 27.Qd3 f6 28.exf6 Rxf6 29.Re4 Bh6 30.Qxc3 Bxf4
31.gxf4 Rxd5 32.Qe3 Qb8 33.c3 Nf5 34.Bxf5 Rfxf5 35.Rxe7 Qxf4+ 36.Qxf4 Rxf4
37.Rxb7 Rxh4+ 38.Kg3 Re4 39.b4 Rd3+ 40.Kg2 Rg4+ 41.Kh2 Rd5 42.Kh3 Rg1 43.Kh2 Rg4
44.Kh3 Rdg5 45.Rd2  1-0